O gato que chora como pessoa (Record no. 16463)

MARC details
000 -Etiqueta do registo
Valores 00687nam a2200217 4500
010 ## - Número ISBN
ISBN 9789722130554
021 ## - Número do Depósito Legal
Número 473289/20
100 ## - Dados gerais de processamento
Dados gerais 20201209d2020 em y0pory50030103ba
200 1# - Titulo e menção de responsabilidade
Título próprio O gato que chora como pessoa
Primeira menção de responsabilidade Geremias Mendoso
Outras menções de responsabilidade il. Samuel Djive
205 ## - Menção da edição
Edição 1ª ed
210 #9 - Publicação
Local de publicação Alfragide
Nome do editor Caminho,
Data de publicação 2020
215 ## - Descrição física 
Paginação / Volumes 100 p.
Outras indicações físicas il.
Dimensões 22 cm
606 ## - Nome comum usado como assunto
ID Autoridade 73
Palavra de ordem Literatura Portuguesa
675 ## - CDU
Notação 821.134.3(679)-34"20"
Edição BN
Língua por
700 #1 - Autor principal (pessoa individual)
Apelido Mendoso,
Nome Geremias,
Datas 1996-
702 #1 - Autor secundário (pessoa individual)
Apelido Djive,
Nome Samuel,
Datas 1979-
801 #0 - Fonte de origem
País PT
Agência BN
Regras de catalogação RPC
856 41 - Localização e acesso electrónico 
URL <a href="http://rnod.bnportugal.gov.pt/ImagesBN/winlibimg.aspx?skey=&doc=2061125&img=146443&save=true">http://rnod.bnportugal.gov.pt/ImagesBN/winlibimg.aspx?skey=&doc=2061125&img=146443&save=true</a>
990 ## - Elementos KOHA
Tipo de documento Livro
Holdings
Situação do levantamento Estado Biblioteca de origem Código de barras Cota Permissão de empréstimo Tipo de documento Forma de aquisição
    Biblioteca Municipal do Alandroal 18521/26 821.134.3(679)-34 MEN   Livro Oferta

Powered by Koha